Advanced Petroleum Refining / (Record no. 2942)
[ view plain ]
| 000 -LEADER | |
|---|---|
| fixed length control field | 00561nac a22001811u 4500 |
| 008 - FIXED-LENGTH DATA ELEMENTS--GENERAL INFORMATION | |
| fixed length control field | 090124t2004 xxu||||| |||| 00| 0 eng d |
| 010 ## - LIBRARY OF CONGRESS CONTROL NUMBER | |
| LC control number | 96150720 |
| 020 ## - INTERNATIONAL STANDARD BOOK NUMBER | |
| International Standard Book Number | 817409010x |
| 082 00 - DEWEY DECIMAL CLASSIFICATION NUMBER | |
| Classification number | 665.538 |
| Item number | Sa737 |
| 100 ## - MAIN ENTRY--PERSONAL NAME | |
| Personal name | Sarkar ,G.N. |
| 9 (RLIN) | 7343 |
| 245 10 - TITLE STATEMENT | |
| Title | Advanced Petroleum Refining / |
| Remainder of title | G.N.sarkar. |
| 260 ## - PUBLICATION, DISTRIBUTION, ETC. (IMPRINT) | |
| Place of publication, distribution, etc | Delhi : |
| Name of publisher, distributor, etc | Khanna Publishers. |
| Date of publication, distribution, etc | c2004. |
| 300 ## - PHYSICAL DESCRIPTION | |
| Extent | xvi, 624p : |
| Other physical details | ill. ; |
| Dimensions | 25 cm. |
| 504 ## - BIBLIOGRAPHY, ETC. NOTE | |
| Bibliography, etc | Includes Chemical Tables. |
| 650 #0 - SUBJECT ADDED ENTRY--TOPICAL TERM | |
| Topical term or geographic name as entry element | Petroleum |
| General subdivision | Refining. |
| 9 (RLIN) | 7344 |
| 650 #0 - SUBJECT ADDED ENTRY--TOPICAL TERM | |
| 9 (RLIN) | 7345 |
| Topical term or geographic name as entry element | Petroleum products |
| 942 ## - ADDED ENTRY ELEMENTS (KOHA) | |
| Item type | Book - Borrowing |
| Call number prefix | 665.538Sa737 |
| Source of classification or shelving scheme | Dewey Decimal Classification |
| Withdrawn status | Item status | Damaged status | Not for loan | Home library | Current library | Shelving location | Date acquired | Source of acquisition | Total Checkouts | Full call number | Barcode | Date last seen | Koha item type | Source of classification or shelving scheme | Vendor | Cost, normal purchase price | Serial Enumeration / chronology |
|---|---|---|---|---|---|---|---|---|---|---|---|---|---|---|---|---|---|
| Central Library | Central Library | First floor | 07/03/2012 | Purchase | 1 | 665.538 SAR | 000001191 | 15/07/2025 | Book - Borrowing | ||||||||
| Central Library | Central Library | First floor | 24/01/2009 | 665.538 SAR | 000015053 | 15/07/2025 | Book - Borrowing | Dewey Decimal Classification | Alahram | 78.00 | 2942 | ||||||
| Central Library | Central Library | First floor | 30/06/2009 | 665.538 SAR | 000017257 | 15/07/2025 | Book - Borrowing | Dewey Decimal Classification | Alahram | 78.00 | 351 |